On This Day: February 25th II Quiz Stats

 Plays Quiz Updated Feb 25, 2018

Score 0/7 Timer 03:00
1 Play Today
Question Answer Wrong Answers
The ______ Pact, a collective defence treaty signed by the Soviet Union and seven Soviet satellite states during the Cold War, is declared disbanded.
1991
Warsaw
90.5%
Budapest
1.9%
Prague
2%
Vienna
2.9%
The government of this nation, which is the smallest country in South America, is overthrown by a military coup led by Dési Bouterse.
1980
Suriname
70.7%
Uruguay
10.6%
Paraguay
7.7%
Bolivia
8.5%
In his speech ‘On the Cult of Personality and Its Consequences’, Nikita Khrushchev, leader of the Soviet Union, denounces the cult of personality of ______.
1956
Joseph Stalin
66.7%
Leon Trotsky
11.7%
Vladimir Lenin
16.1%
Leonid Brezhnev
3.6%
This English singer-songwriter and guitarist, a member of The Beatles whose songs for the group included ‘Here Comes the Sun’ and ‘Something’, is born.
1943
George Harrison
63.2%
Ringo Starr
2.7%
Paul McCartney
21.1%
John Lennon
12.4%
Muhammad Ali (Cassius Clay) TKOs this boxer in 7 rounds, winning his first world heavyweight championship title.
1964
Sonny Liston
53.6%
George Foreman
11.3%
Joe Frazier
29.9%
Larry Holmes
3%
American financier and banker ______ incorporates the United States Steel Corporation.
1901
J. P. Morgan
50%
John D. Rockefeller
47.1%
Henry Ford
1.6%
Samuel Gompers
1.2%
The Communist Party takes control of government in this former country, and the period of the Third Republic ends.
1948
Czechoslovakia
34.1%
Yugoslavia
19.8%
East Germany
33.2%
Austria-Hungary
11.6%

You're not logged in!

Compare scores with friends on all Sporcle quizzes.
OR
Log In

Sporcle TV

Today on Sporcle TV


Watch our educational content, quiz creation guides, and fun videos on Sporcle TV.

Show Comments

Extras

Top Quizzes Today


Score Distribution

Your Account Isn't Verified!

In order to create a playlist on Sporcle, you need to verify the email address you used during registration. Go to your Sporcle Settings to finish the process.

Report this User

Report this user for behavior that violates our Community Guidelines.

Details: